01322 2200301 4500001002100000005001500021035002000036007000300056008004100059100001800100245013000118300003700248020002200285082001200307084002100319250003100340264004100371336002100412337003000433338002300463440002600486520040200512650002000914700002500934700002900959990001600988990001601004INLIS00000000101217820221021105457 a0010-1022000033ta221021 0 0 aBudi Dermawan1 aHarimau & tikus :basyiknya belajar sikap bertanggung jawab /cBudi Dermawan,; editor, Aulia Rahman; ilustrator, Agus Mutaram a32 halaman :bilustrasi ;c21 cm a978-979-788-589-2 a398.245 aSR 398.245 BUD h acetakan II, september 2021 aDepok :bPenebar Swadaya Kids,c2021 2rdacontentateks 2rdamediaatanpa perantara 2rdacarrieravolume aSeri Fabel Inspiratif aProses pembentukan kepribadian anak dimulai sejak usia dini. Apabila orangtua dan lingkungan bisa memberi contoh serta pelajaran yang baik, niscaya baik pula perkembangan kepribadian anak kelak. Seri fabel inspiratif ini memberikan pesan-pesan tentang pengembangan moral, karakter, dan akhlak melalui kisah-kisah. Melalui kisah, hikmah dan pelajaran dapat lebih mudah disampaikan dan diserap anak. 4aCerita binatang0 aAulia Rahmaneeditor0 aAgus Mutarameilustrator a49939.62759 a49940.62760